Introduction to materials science for engineers (Record no. 65644)

000 -LEADER
fixed length control field 00474nam a22001817a 4500
003 - CONTROL NUMBER IDENTIFIER
control field NUST - PNEC
005 - DATE AND TIME OF LATEST TRANSACTION
control field 20170116180922.0
008 - FIXED-LENGTH DATA ELEMENTS--GENERAL INFORMATION
fixed length control field 150902b xxu||||| |||| 00| 0 eng d
020 ## - INTERNATIONAL STANDARD BOOK NUMBER
International Standard Book Number 0024096008
040 ## - CATALOGING SOURCE
Transcribing agency LIBRARY
082 ## - DEWEY DECIMAL CLASSIFICATION NUMBER
Classification number 620.11 SHA
100 ## - MAIN ENTRY--PERSONAL NAME
9 (RLIN) 6879
Personal name Shackelford, James F.
245 ## - TITLE STATEMENT
Title Introduction to materials science for engineers
Statement of responsibility, etc. James F.Shackelford
250 ## - EDITION STATEMENT
Edition statement 6th ed.
260 ## - PUBLICATION, DISTRIBUTION, ETC.
Date of publication, distribution, etc. c 2007
650 ## - SUBJECT ADDED ENTRY--TOPICAL TERM
9 (RLIN) 5561
Topical term or geographic name entry element Materials
General subdivision ME
942 ## - ADDED ENTRY ELEMENTS (KOHA)
Source of classification or shelving scheme
Koha item type Book
Holdings
Withdrawn status Lost status Source of classification or shelving scheme Damaged status Not for loan Permanent Location Current Location Shelving location Date acquired Total Checkouts Full call number Barcode Date last seen Price effective from Koha item type
          Pakistan Navy Engineering College (PNEC) Pakistan Navy Engineering College (PNEC)       620.11 SHA PNECLIB-012984 09/04/2015   Book
© 2023 Central Library, National University of Sciences and Technology. All Rights Reserved.